000 01178cam a22002054a 4500
005 20250605163432.0
008 250528s ||||||||||||||||||||||||d
035 _a19143
020 _a9603321257
040 _aGR-AtMCL
_bgre
_dGR-AtMCL
_eAACR2
245 1 _aΤο Λέξικο της Πληροφορικής / Τρίτη Αμερικάνικη Έκδοση
250 _a
260 _bMicrosoftpress,
_c1997
300 _a930
520 _aΠερισσότεροι από 23.000 νέοι όροι και ορισμοί, 345 εικόνες και σχήματα, Εκτεταμένη κάλυψη του Internet και του Ιστού (Web). Εισαγωγή, Λεξικό Ορών Πληροφορικής, Σύνολο Χαρακτήρων ASCII, Επεκτεταμένο Σύνολο Χαρακτήρων IBM, Επεκτεταμένο Σύνολο Χαρακτήρων Apple Macintosh, Επεκτεταμένο Σύνολο Χαρακτήρων EBCDIC, Αριθμητικές Αδυναμίες, Γλωσσάρι Ελληνοαγγλικό, Γλωσσάρι Αγγλοελληνικό.
942 _cBK
999 _c4421
_d4421